000 00473nam a2200193 a 4500
001 1757333385178
003 ACL
005 20250908174142.0
008 250908s1995##################000#0#eng##
020 _a9780486284385
082 0 4 _a783.24209773
_bSIL
100 1 _aSilber, Irwin,
_eauthor.
245 1 0 _aSongs of the Civil War :
260 _bCourier Corporation,
_c1995.
300 _a399 pages
650 0 _aMusic.
942 _cENGLISH
040 _aACL
_beng
_cACL
999 _c585910
_d585910